[Event "Bayern-chTT (RL Sued-Ost)"]
[Site "Bayern 2008/09"]
[Date "2009.01.11"]
[Round "5.1"]
[White "Klinger, Sebastian"]
[Black "Schaefer, Matthias(79)"]
[Result "1/2-1/2"]
[WhiteElo "2174"]
[BlackElo "2274"]
[PlyCount "58"]
[EventDate "2009.03.??"]
[EventType "team-tourn"]
[EventRounds "9"]
[WhiteTeam "Freising 1"]
[BlackTeam "Starnberg 1"]

1. Nf3 Nc6 2. g3 d5 3. Bg2 e5 4. d3 Nf6 5. O-O h6 6. e4 dxe4 7. dxe4 Qxd1 8.
Rxd1 Bc5 9. Nbd2 Be6 10. c3 a5 11. Re1 Ng4 12. Re2 O-O 13. h3 Nf6 14. Nh4 Rfd8
15. Kh2 g5 16. Nf5 Kh7 17. Ne3 Bxe3 18. Rxe3 a4 19. Bf1 Na5 20. Kg2 c6 21. Re1
Re8 22. Bd3 b5 23. Nf1 Bc4 24. Bxc4 Nxc4 25. Kf3 Red8 26. Ne3 Rd3 27. Ke2 Rad8
28. f3 Nxe3 29. Bxe3 R3d7 1/2-1/2

[Event "Bayern-chTT (RL Sued-Ost)"]
[Site "Bayern 2008/09"]
[Date "2009.01.11"]
[Round "5.2"]
[White "Terzic, Safet"]
[Black "Zill, Christoph"]
[Result "0-1"]
[WhiteElo "2199"]
[BlackElo "2144"]
[PlyCount "102"]
[EventDate "2009.03.??"]
[EventType "team-tourn"]
[EventRounds "9"]
[WhiteTeam "Starnberg 1"]
[BlackTeam "Freising 1"]

1. d4 Nf6 2. Nf3 e6 3. g3 c5 4. Bg2 Nc6 5. O-O d5 6. c4 cxd4 7. Nxd4 Bc5 8.
Nxc6 bxc6 9. Qc2 Be7 10. Nc3 O-O 11. Rd1 Ba6 12. cxd5 cxd5 13. e4 Rc8 14. exd5
Nxd5 15. Qa4 Nxc3 16. bxc3 Bb5 17. Qb3 Qa5 18. a4 Be2 19. Rd7 Rxc3 20. Bd2 Rxb3
21. Bxa5 Bc5 22. Rd2 Bf3 23. Bxf3 Rxf3 24. Rc1 Rf5 25. Bc7 h5 26. Rdc2 Bd4 27.
Kg2 Rc8 28. f4 Be3 29. Be5 Rxc2+ 30. Rxc2 f6 31. Rc8+ Kh7 32. Kf3 Bb6 33. Bb8
Rc5 34. Rxc5 Bxc5 35. Ke4 Kg6 36. h3 a6 37. g4 hxg4 38. hxg4 Kf7 39. f5 g6 40.
Bg3 Bb6 41. Be1 Bc7 42. Bb4 Be5 43. Bc5 exf5+ 44. gxf5 g5 45. Be3 g4 46. Bc5
Ke8 47. Kd5 Kd7 48. Bg1 g3 49. Kc5 Kc7 50. Kd5 Kb7 51. Be3 g2 0-1

[Event "Bayern-chTT (RL Sued-Ost)"]
[Site "Bayern 2008/09"]
[Date "2009.01.11"]
[Round "5.3"]
[White "Knitl, Anton"]
[Black "Absmaier, Friedrich sr(63)"]
[Result "0-1"]
[WhiteElo "2144"]
[BlackElo "2092"]
[PlyCount "60"]
[EventDate "2009.03.??"]
[EventType "team-tourn"]
[EventRounds "9"]
[WhiteTeam "Freising 1"]
[BlackTeam "Starnberg 1"]

1. d4 d5 2. Nf3 Nf6 3. c4 c6 4. e3 e6 5. b3 Nbd7 6. Bb2 Be7 7. Bd3 O-O 8. O-O
Ne4 9. Qc2 f5 10. Nc3 Bd6 11. Ne2 Qf6 12. Ne1 Qh6 13. f4 g5 14. Rf3 Ndf6 15.
Bxe4 Nxe4 16. Nd3 Rf6 17. Nf2 Bd7 18. Nxe4 fxe4 19. Rg3 Rg6 20. Rf1 g4 21. h3
gxh3 22. gxh3 Qxh3 23. Rxg6+ hxg6 24. Qd2 Kf7 25. Rf2 Rh8 26. Rg2 Qh1+ 27. Kf2
Be7 28. Ng3 Bh4 29. Qe2 Bxg3+ 30. Kxg3 Qh4# 0-1

[Event "Bayern-chTT (RL Sued-Ost)"]
[Site "Bayern 2008/09"]
[Date "2009.01.11"]
[Round "5.4"]
[White "Litzka, Matthias Dr"]
[Black "Bauer, Robert(67)"]
[Result "1-0"]
[WhiteElo "2079"]
[BlackElo "2060"]
[PlyCount "135"]
[EventDate "2009.03.??"]
[EventType "team-tourn"]
[EventRounds "9"]
[WhiteTeam "Starnberg 1"]
[BlackTeam "Freising 1"]

1. e4 c5 2. Nf3 e6 3. Nc3 d6 4. d4 cxd4 5. Nxd4 Nf6 6. g4 e5 7. Bb5+ Nbd7 8.
Nf5 a6 9. Bxd7+ Bxd7 10. Bg5 Bc6 11. Qd3 h6 12. Bxf6 Qxf6 13. O-O-O O-O-O 14.
Ne3 g6 15. Ncd5 Qe6 16. Qb3 Be7 17. Qb6 Kd7 18. Kb1 Rc8 19. f3 Bd8 20. Qa7 Ke8
21. Rd3 Kf8 22. Rhd1 Kg7 23. Nb4 Bc7 24. Ned5 Ba5 25. a3 Ra8 26. Qe3 Bb5 27.
R3d2 Bd8 28. Qg1 a5 29. Na2 Ra6 30. Nac3 Bd7 31. h4 b5 32. Qf1 Qe8 33. a4 Ra8
34. Nxb5 Rb8 35. c4 Bxh4 36. Ndc7 Qc8 37. Rxd6 Bxb5 38. Nxb5 Qc5 39. R6d5 Qb4
40. Qd3 Qxa4 41. Qc3 Rhc8 42. b3 Qxb5 43. Rxb5 Rxb5 44. Kc2 Rbc5 45. Rd5 Bf6
46. Qd3 Be7 47. Kc3 Bh4 48. Rd7 Be1+ 49. Kb2 Bf2 50. f4 exf4 51. Qc3+ Kg8 52.
Qf6 Rf8 53. Qxf4 Bh4 54. e5 Kg7 55. Ka2 Rc6 56. Ra7 Re6 57. Rxa5 Be1 58. Ra7
Bc3 59. c5 Bxe5 60. Qf3 Rf6 61. Qd5 Bc3 62. Ra4 Re8 63. b4 Rf2+ 64. Kb3 Re3 65.
Kc4 Bf6 66. Kb5 Rb2 67. Ra7 Reb3 68. Qxf7+ 1-0

[Event "Bayern-chTT (RL Sued-Ost)"]
[Site "Bayern 2008/09"]
[Date "2009.01.11"]
[Round "5.5"]
[White "Trapp, Maximilian"]
[Black "Tuchenhagen, Axel"]
[Result "1-0"]
[WhiteElo "2105"]
[BlackElo "2083"]
[PlyCount "131"]
[EventDate "2009.03.??"]
[EventType "team-tourn"]
[EventRounds "9"]
[WhiteTeam "Freising 1"]
[BlackTeam "Starnberg 1"]

1. d4 e6 2. Nf3 f5 3. g3 Nf6 4. Bg2 d6 5. O-O Be7 6. c3 O-O 7. Qb3 d5 8. c4 c6
9. Ne5 Qb6 10. c5 Qd8 11. Qc2 Nbd7 12. Nd3 Qe8 13. f3 Qf7 14. Nc3 Ne8 15. e4
Bf6 16. Be3 g6 17. b4 Qg7 18. e5 Bd8 19. b5 Nb8 20. Rab1 Nc7 21. Rb2 cxb5 22.
Nxb5 Nxb5 23. Rxb5 Nc6 24. Rbb1 Qc7 25. Nb4 Nxb4 26. Rxb4 Bd7 27. Rfb1 Bc6 28.
Bf1 a6 29. Qc1 Rf7 30. Bg5 Kg7 31. Bxd8 Qxd8 32. f4 h5 33. h4 Qc8 34. Be2 Qe8
35. Qa3 Re7 36. Qa5 Kh6 37. Bd1 Kg7 38. Ba4 Kf7 39. Bxc6 Qxc6 40. Rb6 Qc7 41.
Qb4 Ra7 42. a4 a5 43. Qc3 Qc8 44. R1b5 Qa8 45. Kg2 Rc7 46. Qb3 Qc8 47. Rd6 Re7
48. Rbb6 Qa8 49. Qb5 Qc8 50. Kh3 Qe8 51. c6 bxc6 52. Rdxc6 Qd7 53. Qb3 Rc7 54.
Rd6 Qe8 55. Rb5 Qa8 56. Rb8 Qa7 57. Rdb6 Red7 58. Qa3 Re7 59. Qb2 Red7 60. Qb5
Re7 61. Rh8 Kg7 62. Rbb8 Rc1 63. Rbg8+ Kf7 64. Ra8 Rh1+ 65. Kg2 Rg1+ 66. Kh2
1-0

[Event "Bayern-chTT (RL Sued-Ost)"]
[Site "Bayern 2008/09"]
[Date "2009.01.11"]
[Round "5.6"]
[White "Gschwendtner, Klaus"]
[Black "Dost, Andreas"]
[Result "1-0"]
[WhiteElo "2070"]
[BlackElo "2012"]
[PlyCount "91"]
[EventDate "2009.03.??"]
[EventType "team-tourn"]
[EventRounds "9"]
[WhiteTeam "Starnberg 1"]
[BlackTeam "Freising 1"]

1. e4 c5 2. Nf3 d6 3. Bb5+ Bd7 4. Bxd7+ Qxd7 5. O-O Nc6 6. Re1 Nf6 7. c3 e6 8.
d4 cxd4 9. cxd4 d5 10. e5 Ne4 11. Nbd2 Nxd2 12. Bxd2 Be7 13. Rc1 O-O 14. a3
Rac8 15. Rc3 f6 16. exf6 gxf6 17. Bh6 Rfe8 18. Rxc6 Rxc6 19. Ne5 fxe5 20. Qg4+
Bg5 21. Qxg5+ Kh8 22. Qf6+ Kg8 23. Rxe5 Rc1+ 24. Bxc1 Qf7 25. Qxf7+ Kxf7 26. h4
Rc8 27. Bd2 Rc2 28. Bc3 b6 29. g4 a5 30. Kg2 a4 31. Kf3 b5 32. Re2 Rc1 33. Bb4
Rd1 34. Bc5 Rh1 35. Kg3 Rg1+ 36. Kf4 Rh1 37. Kg5 Rh2 38. Bd6 Rh1 39. Rc2 Rb1
40. h5 Rd1 41. Be5 Rb1 42. h6 Ke7 43. f4 Kf7 44. Rc7+ Ke8 45. Rxh7 Rxb2 46. Rb7
1-0

[Event "Bayern-chTT (RL Sued-Ost)"]
[Site "Bayern 2008/09"]
[Date "2009.01.11"]
[Round "5.7"]
[White "Benischek, Wolfgang"]
[Black "Pappenheim, Rainer Dr"]
[Result "1-0"]
[WhiteElo "1953"]
[BlackElo "1924"]
[PlyCount "101"]
[EventDate "2009.03.??"]
[EventType "team-tourn"]
[EventRounds "9"]
[WhiteTeam "Freising 1"]
[BlackTeam "Starnberg 1"]

1. e4 c5 2. Nf3 Nc6 3. d4 cxd4 4. Nxd4 Nf6 5. Nc3 e5 6. Ndb5 d6 7. Bg5 a6 8.
Na3 b5 9. Nd5 Be7 10. Bxf6 Bxf6 11. c3 O-O 12. Bd3 Bg5 13. h4 Bh6 14. g4 Bf4
15. Nc2 Be6 16. Qf3 Bxd5 17. exd5 Ne7 18. Ne3 Ra7 19. O-O-O b4 20. cxb4 Qb6 21.
a3 a5 22. b5 Rc7+ 23. Kb1 Rfc8 24. Qe4 g6 25. h5 Bxe3 26. fxe3 Qc5 27. hxg6
fxg6 28. Rc1 Qxd5 29. Rxc7 Rxc7 30. b6 Qxe4 31. Bxe4 Rc8 32. Rc1 Rb8 33. Rc7
Kf8 34. b7 Ke8 35. b4 a4 36. b5 Kd8 37. b6 d5 38. Bc2 d4 39. exd4 exd4 40. Bxa4
h6 41. Rd7+ Ke8 42. Rxd4+ Kf7 43. Bb3+ Ke8 44. Ba4+ Kf7 45. Rd7 h5 46. gxh5
gxh5 47. Bb3+ Kf6 48. a4 h4 49. a5 h3 50. a6 h2 51. Rd1 1-0

[Event "Bayern-chTT (RL Sued-Ost)"]
[Site "Bayern 2008/09"]
[Date "2009.01.11"]
[Round "5.8"]
[White "Rulik, Oliver"]
[Black "Wolf, Dietrich Hans(36)"]
[Result "1/2-1/2"]
[WhiteElo "1940"]
[BlackElo "1918"]
[PlyCount "39"]
[EventDate "2009.03.??"]
[EventType "team-tourn"]
[EventRounds "9"]
[WhiteTeam "Starnberg 1"]
[BlackTeam "Freising 1"]

1. e4 c5 2. Nf3 d6 3. Bb5+ Bd7 4. Bxd7+ Qxd7 5. O-O Nc6 6. c3 Nf6 7. Re1 e5 8.
d4 g6 9. Bg5 Bg7 10. Na3 h6 11. Bxf6 Bxf6 12. dxe5 dxe5 13. Qxd7+ Kxd7 14.
Rad1+ Ke6 15. Nb5 Rad8 16. Nc7+ Ke7 17. Nd5+ Ke6 18. Nc7+ Ke7 19. Nd5+ Ke6 20.
Nc7+ 1/2-1/2

[Event "Bayern-chTT (RL Sued-Ost)"]
[Site "Bayern 2008/09"]
[Date "2009.01.11"]
[Round "5.1"]
[White "Wahrlich, Andreas"]
[Black "Berchtenbreiter, Maximilian"]
[Result "1/2-1/2"]
[WhiteElo "2034"]
[BlackElo "2146"]
[PlyCount "23"]
[EventDate "2009.03.??"]
[EventType "team-tourn"]
[EventRounds "9"]
[WhiteTeam "Waldkraiburg 1"]
[BlackTeam "Pang/Ro.2"]

1. d4 Nf6 2. c4 e6 3. Nf3 c5 4. Nc3 a6 5. g3 cxd4 6. Nxd4 Nc6 7. Bg2 Qc7 8. O-O
Be7 9. b3 O-O 10. Bb2 Rd8 11. e3 b6 12. Rc1 1/2-1/2

[Event "Bayern-chTT (RL Sued-Ost)"]
[Site "Bayern 2008/09"]
[Date "2009.01.11"]
[Round "5.2"]
[White "Graf, Christian(61)"]
[Black "Poetsch, Klaus"]
[Result "1/2-1/2"]
[WhiteElo "2064"]
[BlackElo "2140"]
[PlyCount "46"]
[EventDate "2009.03.??"]
[EventType "team-tourn"]
[EventRounds "9"]
[WhiteTeam "Pang/Ro.2"]
[BlackTeam "Waldkraiburg 1"]

1. e4 e6 2. d4 d5 3. Nd2 Nf6 4. Bd3 c5 5. e5 Nfd7 6. c3 Nc6 7. Ne2 cxd4 8. cxd4
f6 9. exf6 Qxf6 10. Nf3 h6 11. O-O Bd6 12. Ng3 O-O 13. Be3 e5 14. dxe5 Ndxe5
15. Nxe5 Bxe5 16. Qb3 Qf7 17. Rac1 Be6 18. Bb1 d4 19. Qd3 Rfd8 20. Bd2 Rac8 21.
b3 g5 22. Nf5 Bxf5 23. Qxf5 Rf8 1/2-1/2

[Event "Bayern-chTT (RL Sued-Ost)"]
[Site "Bayern 2008/09"]
[Date "2009.01.11"]
[Round "5.3"]
[White "Hauschild, Helmut"]
[Black "Heigermoser, Robert"]
[Result "1-0"]
[WhiteElo "2109"]
[BlackElo "2014"]
[PlyCount "103"]
[EventDate "2009.03.??"]
[EventType "team-tourn"]
[EventRounds "9"]
[WhiteTeam "Waldkraiburg 1"]
[BlackTeam "Pang/Ro.2"]

1. e4 c5 2. d3 Nc6 3. g3 d6 4. Bg2 g6 5. f4 Bg7 6. Nf3 e6 7. O-O Nge7 8. c3 O-O
9. Be3 b6 10. Bf2 Ba6 11. Re1 Rc8 12. a4 Bb7 13. Na3 a6 14. g4 d5 15. e5 Qd7
16. Rc1 Na7 17. Nb1 Bc6 18. b3 Qb7 19. Nbd2 Rc7 20. a5 Bb5 21. c4 Bd7 22. b4
bxa5 23. Bxc5 Nac8 24. Bd6 axb4 25. Nb3 Ba4 26. c5 Rd7 27. Ra1 Bxb3 28. Qxb3
Nxd6 29. cxd6 Nc6 30. d4 Qb6 31. Red1 f6 32. f5 Nxe5 33. Nxe5 fxe5 34. fxe6
Rxd6 35. Bxd5 Kh8 36. Kg2 exd4 37. e7 Re8 38. Re1 Rd7 39. Re6 Qb5 40. Bc6 Qc5
41. Bxd7 Rxe7 42. Rxe7 Qxe7 43. Qe6 Qc5 44. Rf1 h6 45. Be8 Qa7 46. Bxg6 Qb8 47.
Rf7 Qa8+ 48. Be4 Qd8 49. Qg6 Qg8 50. Rc7 b3 51. Rc8 Bf8 52. Rxf8 1-0

[Event "Bayern-chTT (RL Sued-Ost)"]
[Site "Bayern 2008/09"]
[Date "2009.01.11"]
[Round "5.4"]
[White "Meingast, Markus"]
[Black "Loew, Peter"]
[Result "0-1"]
[WhiteElo "2069"]
[BlackElo "2039"]
[PlyCount "82"]
[EventDate "2009.03.??"]
[EventType "team-tourn"]
[EventRounds "9"]
[WhiteTeam "Pang/Ro.2"]
[BlackTeam "Waldkraiburg 1"]

1. e4 g6 2. d4 Bg7 3. Nc3 c6 4. a4 d5 5. e5 Nh6 6. Nge2 f6 7. exf6 exf6 8. Ng3
O-O 9. Be3 Ng4 10. Bd3 Re8 11. Qf3 Nxe3 12. fxe3 Bh6 13. Nd1 Qe7 14. O-O f5 15.
Kh1 Be6 16. Nf2 Nd7 17. Rae1 Rf8 18. Nh3 Nf6 19. Nf4 Ne4 20. Nxe6 Qxe6 21. Qe2
Nxg3+ 22. hxg3 Rae8 23. c4 Qxe3 24. Qxe3 Rxe3 25. Rxe3 Bxe3 26. cxd5 cxd5 27.
Re1 Bxd4 28. Re7 Rf7 29. Re8+ Kg7 30. Rd8 Bxb2 31. Rxd5 Re7 32. Kg1 b6 33. Kf2
Ba3 34. Kf3 h5 35. Rd8 Bc5 36. Kf4 Be3+ 37. Kf3 Kf6 38. Bb5 Bc5 39. Rd3 Re1 40.
Rd7 Re3+ 41. Kf2 a6 0-1

[Event "Bayern-chTT (RL Sued-Ost)"]
[Site "Bayern 2008/09"]
[Date "2009.01.11"]
[Round "5.5"]
[White "Guenes, Erdogan"]
[Black "Steinbacher, Thomas"]
[Result "1-0"]
[WhiteElo "1970"]
[BlackElo "2044"]
[PlyCount "73"]
[EventDate "2009.03.??"]
[EventType "team-tourn"]
[EventRounds "9"]
[WhiteTeam "Waldkraiburg 1"]
[BlackTeam "Pang/Ro.2"]

1. c4 e5 2. e4 Nf6 3. Nc3 Bc5 4. g3 d6 5. h3 Be6 6. d3 Nc6 7. Bg2 Nd4 8. Nge2
h6 9. O-O a6 10. Kh2 g5 11. f4 gxf4 12. gxf4 Qe7 13. f5 Bd7 14. Rb1 h5 15. Nxd4
Bxd4 16. Nd5 Nxd5 17. exd5 f6 18. Bf3 Qh7 19. Be4 Ke7 20. Qf3 Rag8 21. Be3 Bxe3
22. Qxe3 Qh6 23. Qxh6 Rxh6 24. Rg1 Rhh8 25. b4 Rg5 26. h4 Rgg8 27. c5 Bc8 28.
a4 Kf7 29. cxd6 cxd6 30. Rxg8 Rxg8 31. Rc1 Bd7 32. Rc7 Ke7 33. Rxb7 Rg4 34. Kh3
Rg1 35. b5 axb5 36. axb5 Kd8 37. Rb8+ 1-0

[Event "Bayern-chTT (RL Sued-Ost)"]
[Site "Bayern 2008/09"]
[Date "2009.01.11"]
[Round "5.6"]
[White "Rosner, Gerhard"]
[Black "Hauschild, Rudolf jr(55)"]
[Result "1-0"]
[WhiteElo "2043"]
[BlackElo "1812"]
[PlyCount "57"]
[EventDate "2009.03.??"]
[EventType "team-tourn"]
[EventRounds "9"]
[WhiteTeam "Pang/Ro.2"]
[BlackTeam "Waldkraiburg 1"]

1. c4 c5 2. Nf3 g6 3. Nc3 Bg7 4. g3 Nf6 5. Bg2 Nc6 6. O-O O-O 7. d3 d6 8. Qd2
Rb8 9. b3 a6 10. Bb2 e5 11. e3 h6 12. Rfd1 Bg4 13. h3 Bxf3 14. Bxf3 Qd7 15. Kh2
Nh7 16. Bd5 Ne7 17. Bg2 f5 18. Ne2 Rbd8 19. d4 Qc7 20. Qc3 f4 21. exf4 exd4 22.
Qd3 Nf6 23. Ng1 Kh7 24. Nf3 Nh5 25. Re1 Rde8 26. Nh4 Nf6 27. Bf3 Qd7 28. Rxe7
Qxe7 29. Nxg6 1-0

[Event "Bayern-chTT (RL Sued-Ost)"]
[Site "Bayern 2008/09"]
[Date "2009.01.11"]
[Round "5.7"]
[White "Mertz, Waldemar"]
[Black "Kiener, Georg"]
[Result "0-1"]
[WhiteElo "1872"]
[BlackElo "2032"]
[PlyCount "77"]
[EventDate "2009.03.??"]
[EventType "team-tourn"]
[EventRounds "9"]
[WhiteTeam "Waldkraiburg 1"]
[BlackTeam "Pang/Ro.2"]

1. c4 Nf6 2. Nc3 c5 3. g3 d5 4. cxd5 Nxd5 5. Bg2 Nc7 6. d3 e5 7. Qb3 Nc6 8. Nf3
Be7 9. O-O O-O 10. Be3 Bd7 11. Rac1 Rc8 12. Rfe1 b6 13. h3 Be6 14. Qa4 Nd5 15.
Bd2 f6 16. Kh2 Qd7 17. a3 Rfd8 18. Ne4 Bf8 19. Nc3 Qf7 20. Ne4 Kh8 21. Nc3 h6
22. Qc2 Nde7 23. Be3 Nf5 24. Qb1 Na5 25. Nd2 Nxe3 26. fxe3 c4 27. Nce4 f5 28.
Nf2 Bc5 29. Nf1 Nb3 30. Rc3 f4 31. Nd1 fxe3 32. Ndxe3 Bd4 33. Nd1 Bxc3 34. Nxc3
Bf5 35. Ne3 Bg6 36. Ne4 cxd3 37. exd3 Nc5 38. Ng4 Nxd3 39. Nxe5 0-1

[Event "Bayern-chTT (RL Sued-Ost)"]
[Site "Bayern 2008/09"]
[Date "2009.01.11"]
[Round "5.8"]
[White "Uhlmann, David"]
[Black "Dervisevic, Nedzad"]
[Result "1-0"]
[WhiteElo "1881"]
[BlackElo "1876"]
[PlyCount "127"]
[EventDate "2009.03.??"]
[EventType "team-tourn"]
[EventRounds "9"]
[WhiteTeam "Pang/Ro.2"]
[BlackTeam "Waldkraiburg 1"]

1. d4 d5 2. c4 e6 3. Nc3 Nf6 4. cxd5 exd5 5. Bg5 Be7 6. e3 O-O 7. Bd3 h6 8. Bh4
c6 9. Qc2 a5 10. a3 Nbd7 11. Nf3 Re8 12. O-O Nh5 13. Bxe7 Qxe7 14. Rac1 Nhf6
15. Nd2 Qd6 16. Na4 b5 17. Nc5 Nxc5 18. Qxc5 Qxc5 19. Rxc5 Bb7 20. Bf5 g6 21.
Bh3 a4 22. Rfc1 Rad8 23. R5c2 Ne4 24. Nxe4 Rxe4 25. g3 f5 26. Bg2 Re7 27. h4 h5
28. Bf1 Kf7 29. Bd3 Kf6 30. Kf1 Rde8 31. Kg2 Re6 32. Ra1 R6e7 33. Rc3 Ra8 34.
Kg1 Re6 35. Rcc1 Re7 36. Bc2 Bc8 37. b3 axb3 38. Bxb3 Bd7 39. a4 bxa4 40. Rxa4
Rxa4 41. Bxa4 Re8 42. Bd1 Re7 43. Kg2 Re8 44. Rb1 Re7 45. Bf3 Ke6 46. Rb8 Re8
47. Rxe8+ Bxe8 48. Be2 Ke7 49. Kf3 Kf6 50. Ba6 Ke6 51. Kf4 Kf6 52. Bb7 Ke6 53.
Kg5 Kf7 54. Ba6 Kg7 55. Bd3 Bf7 56. f3 Be8 57. Bc2 Bf7 58. e4 dxe4 59. fxe4
fxe4 60. Bxe4 Bd5 61. Bxg6 Bf3 62. Bxh5 Be4 63. Kf4 Bd5 64. Bf3 1-0

[Event "Bayern-chTT (RL Sued-Ost)"]
[Site "Bayern 2008/09"]
[Date "2009.02.01"]
[Round "6.1"]
[White "Wahrlich, Andreas"]
[Black "Geller, Arpad"]
[Result "1-0"]
[WhiteElo "2034"]
[BlackElo "2133"]
[PlyCount "137"]
[EventDate "2009.03.??"]
[EventType "team-tourn"]
[EventRounds "9"]
[WhiteTeam "Waldkraiburg 1"]
[BlackTeam "Passau 2"]

1. d4 g6 2. c4 Nf6 3. Nc3 Bg7 4. g3 O-O 5. Bg2 d6 6. Nf3 Nbd7 7. O-O e5 8. b3
Re8 9. h3 h6 10. Qc2 c6 11. Rd1 Qe7 12. Be3 a5 13. Rac1 Kh7 14. dxe5 Nxe5 15.
Nd4 Nh5 16. Qd2 Bf8 17. Nc2 f5 18. Na4 Be6 19. f4 Nd7 20. Bf2 Bf7 21. Re1 Nhf6
22. Nc3 Ne4 23. Nxe4 fxe4 24. Bd4 Nf6 25. Ne3 a4 26. Bb2 axb3 27. axb3 Bg7 28.
Ra1 d5 29. cxd5 Nxd5 30. Bxg7 Kxg7 31. Qd4+ Qf6 32. Qxf6+ Nxf6 33. b4 Nd5 34.
Nc2 Nc3 35. Kf2 Bc4 36. Ne3 Ba6 37. Rac1 Na4 38. Rb1 Rad8 39. Rb2 Nc3 40. Rc1
Nb5 41. Nc4 Rd4 42. Ke3 Rxc4 43. Rxc4 Nd6 44. Rc1 Nc4+ 45. Rxc4 Bxc4 46. Rd2
Be6 47. h4 b6 48. Rd6 Bd5 49. b5 Rc8 50. bxc6 Bxc6 51. Bxe4 Bxe4 52. Kxe4 Rb8
53. Rd4 b5 54. Rb4 h5 55. Kd3 Kf6 56. e4 Ra8 57. Rb3 Ke6 58. Rxb5 Ra3+ 59. Kd4
Rxg3 60. Rg5 Rh3 61. Rxg6+ Kf7 62. Rh6 Rxh4 63. Ke5 Kg7 64. Rc6 Rh1 65. Kf5 Rg1
66. Rc7+ Kg8 67. Rc3 Kf7 68. Rh3 Ra1 69. Rxh5 1-0

[Event "Bayern-chTT (RL Sued-Ost)"]
[Site "Bayern 2008/09"]
[Date "2009.02.01"]
[Round "6.2"]
[White "Lautner, Josef"]
[Black "Poetsch, Klaus"]
[Result "1/2-1/2"]
[WhiteElo "2185"]
[BlackElo "2140"]
[PlyCount "120"]
[EventDate "2009.03.??"]
[EventType "team-tourn"]
[EventRounds "9"]
[WhiteTeam "Passau 2"]
[BlackTeam "Waldkraiburg 1"]

1. d4 d5 2. Nf3 Nf6 3. c4 c6 4. cxd5 cxd5 5. Nc3 Nc6 6. Bf4 Bf5 7. e3 e6 8. Ne5
Bb4 9. Bb5 Qb6 10. O-O Bxc3 11. Bxc6+ bxc6 12. bxc3 h6 13. Qa4 Rc8 14. Qa3 c5
15. Qa4+ Ke7 16. e4 Bxe4 17. dxc5 Qxc5 18. Bc1 Qc7 19. Ba3+ Kd8 20. Bd6 Qb7 21.
c4 dxc4 22. Nxc4 Bd3 23. Rfc1 Rxc4 24. Rxc4 Bxc4 25. Qxc4 Kd7 26. Be5 Nd5 27.
Qc5 Qb6 28. Qxb6 axb6 29. Bxg7 Rh7 30. Bd4 h5 31. Kf1 Rh6 32. Rb1 Kc6 33. Rb3
Rg6 34. Rf3 Rg4 35. Be5 f5 36. Rh3 Re4 37. Bg7 Rb4 38. Ra3 Nf4 39. Rb3 Rc4 40.
Rc3 b5 41. a4 Rxc3 42. axb5+ Kxb5 43. Bxc3 Kc4 44. Bd2 Ng6 45. Ke2 e5 46. Bg5
Kd4 47. g3 e4 48. Bf6+ Kd5 49. f3 Ke6 50. Bg7 Ne7 51. h3 Nd5 52. fxe4 fxe4 53.
g4 h4 54. Bh6 Ke5 55. Be3 Ne7 56. Bg5 Ng6 57. Ke3 Kd5 58. Bf6 Ke6 59. Bg5 Ke5
60. Bh6 Kd5 1/2-1/2

[Event "Bayern-chTT (RL Sued-Ost)"]
[Site "Bayern 2008/09"]
[Date "2009.02.01"]
[Round "6.3"]
[White "Jergler, Karl-Heinz"]
[Black "Eizenhammer, Peter"]
[Result "1/2-1/2"]
[WhiteElo "2116"]
[BlackElo "2103"]
[PlyCount "28"]
[EventDate "2009.03.??"]
[EventType "team-tourn"]
[EventRounds "9"]
[WhiteTeam "Waldkraiburg 1"]
[BlackTeam "Passau 2"]

1. e4 d6 2. d4 Nf6 3. Nc3 Nbd7 4. Nf3 e5 5. Bc4 Be7 6. O-O O-O 7. Re1 c6 8. a4
a5 9. h3 Qc7 10. b3 h6 11. Ba3 Re8 12. Qd2 Nb6 13. Bd3 Be6 14. Rad1 Rad8
1/2-1/2

[Event "Bayern-chTT (RL Sued-Ost)"]
[Site "Bayern 2008/09"]
[Date "2009.02.01"]
[Round "6.4"]
[White "Holzer, Richard(72)"]
[Black "Hauschild, Helmut"]
[Result "1/2-1/2"]
[WhiteElo "2176"]
[BlackElo "2109"]
[PlyCount "36"]
[EventDate "2009.03.??"]
[EventType "team-tourn"]
[EventRounds "9"]
[WhiteTeam "Passau 2"]
[BlackTeam "Waldkraiburg 1"]

1. e4 c6 2. d4 d5 3. e5 Bf5 4. Nc3 e6 5. g4 Bg6 6. Nge2 f6 7. f4 Bb4 8. Ng3 Ne7
9. exf6 gxf6 10. Be3 Nd7 11. Qd2 Nb6 12. a3 Bd6 13. Be2 Qc7 14. O-O-O O-O-O 15.
Rdf1 Be8 16. Rhg1 c5 17. Kb1 Rg8 18. h3 cxd4 1/2-1/2

[Event "Bayern-chTT (RL Sued-Ost)"]
[Site "Bayern 2008/09"]
[Date "2009.02.01"]
[Round "6.5"]
[White "Loew, Peter"]
[Black "Lang, Josef jr(73)"]
[Result "1/2-1/2"]
[WhiteElo "2039"]
[BlackElo "1991"]
[PlyCount "46"]
[EventDate "2009.03.??"]
[EventType "team-tourn"]
[EventRounds "9"]
[WhiteTeam "Waldkraiburg 1"]
[BlackTeam "Passau 2"]

1. f4 d5 2. b3 Nf6 3. Bb2 c5 4. e3 Nc6 5. Bb5 Bd7 6. Nf3 e6 7. O-O Qb6 8. a4
Be7 9. Kh1 h5 10. Qe2 h4 11. Bxc6 Bxc6 12. Ne5 Rh7 13. d3 Qc7 14. Nd2 Bd6 15.
e4 O-O-O 16. Nxc6 Qxc6 17. Bxf6 gxf6 18. e5 Be7 19. Qf3 f5 20. Rad1 Rg7 21. c4
Rg4 22. Rf2 Kc7 23. Nf1 d4 1/2-1/2

[Event "Bayern-chTT (RL Sued-Ost)"]
[Site "Bayern 2008/09"]
[Date "2009.02.01"]
[Round "6.6"]
[White "Ipfelkofer, Frank"]
[Black "Guenes, Erdogan"]
[Result "1-0"]
[WhiteElo "2101"]
[BlackElo "1970"]
[PlyCount "65"]
[EventDate "2009.03.??"]
[EventType "team-tourn"]
[EventRounds "9"]
[WhiteTeam "Passau 2"]
[BlackTeam "Waldkraiburg 1"]

1. e4 c5 2. c4 Nc6 3. Nf3 e5 4. Nc3 g6 5. d3 h6 6. Be3 d6 7. Be2 Bg7 8. Qd2
Nge7 9. O-O-O a6 10. h4 b5 11. h5 f5 12. g3 g5 13. exf5 bxc4 14. dxc4 Nd4 15.
g4 Bb7 16. Rh3 Qa5 17. Kb1 Rb8 18. Nxg5 Nxe2 19. Nxe2 Qxd2 20. Rxd2 hxg5 21.
Rxd6 Be4+ 22. Kc1 Bg2 23. Rg3 Bf1 24. Nc3 Rd8 25. Rxd8+ Kxd8 26. Bxg5 Bh6 27.
Bxh6 Rxh6 28. b3 Ke8 29. Ne4 Rc6 30. Kd2 Rh6 31. Ke1 Bxc4 32. bxc4 Nxf5 33.
gxf5 1-0

[Event "Bayern-chTT (RL Sued-Ost)"]
[Site "Bayern 2008/09"]
[Date "2009.02.01"]
[Round "6.7"]
[White "Hauschild, Rudolf jr(55)"]
[Black "Heyne, Gerhard"]
[Result "0-1"]
[WhiteElo "1812"]
[BlackElo "1955"]
[PlyCount "94"]
[EventDate "2009.03.??"]
[EventType "team-tourn"]
[EventRounds "9"]
[WhiteTeam "Waldkraiburg 1"]
[BlackTeam "Passau 2"]

1. c4 e6 2. Nc3 d5 3. cxd5 exd5 4. d4 c5 5. Nf3 Nc6 6. g3 Nf6 7. Bg5 Be7 8. Bg2
O-O 9. O-O h6 10. Bxf6 Bxf6 11. e3 c4 12. Nd2 Be6 13. b3 Qa5 14. bxc4 Qxc3 15.
cxd5 Nxd4 16. dxe6 Qxa1 17. exf7+ Kh8 18. Qh5 Ne2+ 19. Qxe2 Qxa2 20. Be4 Rad8
21. Qg4 Qxf7 22. Nf3 g6 23. Qf4 Bg7 24. Qg4 Rd6 25. Nh4 Kh7 26. f4 Rf6 27. Rd1
Qe6 28. Qf3 Re8 29. Rd4 b6 30. f5 gxf5 31. Nxf5 Kh8 32. Qg4 Rxf5 33. Bxf5 Qxe3+
34. Kg2 Qxd4 35. Qg6 Re2+ 36. Kh3 Kg8 37. Be6+ Rxe6 38. Qxe6+ Kf8 39. Qc8+ Ke7
40. Qg8 b5 41. Qb8 Qd7+ 42. Kg2 a5 43. Qb6 a4 44. Qc5+ Kd8 45. Kf3 Qe6 46. Qa7
Qd5+ 47. Ke2 Qe4+ 0-1

[Event "Bayern-chTT (RL Sued-Ost)"]
[Site "Bayern 2008/09"]
[Date "2009.02.01"]
[Round "6.8"]
[White "Bittner, Rudolf"]
[Black "Mertz, Waldemar"]
[Result "1/2-1/2"]
[WhiteElo "1976"]
[BlackElo "1872"]
[PlyCount "25"]
[EventDate "2009.03.??"]
[EventType "team-tourn"]
[EventRounds "9"]
[WhiteTeam "Passau 2"]
[BlackTeam "Waldkraiburg 1"]

1. e4 e5 2. Nf3 Nf6 3. Nc3 Nc6 4. Bc4 Bc5 5. d3 h6 6. O-O d6 7. h3 O-O 8. a3 a6
9. Be3 Bxe3 10. fxe3 Be6 11. Nd5 Bxd5 12. Bxd5 Nxd5 13. exd5 1/2-1/2